La gimnàstica tradicional xinesa / (Record no. 137444)

MARC details
000 -CABECERA
campo de control de longitud fija 01174nam a22002894i 4500
001 - NÚMERO DE CONTROL
campo de control 991061300308506706
003 - IDENTIFICADOR DEL NÚMERO DE CONTROL
campo de control ES-BaIT
005 - FECHA Y HORA DE LA ÚLTIMA TRANSACCIÓN
campo de control 20260512110430.0
008 - DATOS DE LONGITUD FIJA--INFORMACIÓN GENERAL
campo de control de longitud fija 250313s2007 spc ||||r|||||0|| 0 cat|c
080 ## - NÚMERO DE LA CLASIFICACIÓN DECIMAL UNIVERSAL
Número de la Clasificación Decimal Universal 796.4
100 1# - ENTRADA PRINCIPAL--NOMBRE DE PERSONA
Nombre de persona Arlandes, Gerard
Término indicativo de función/relación autor
9 (RLIN) 93447
245 13 - MENCIÓN DE TÍTULO
Título La gimnàstica tradicional xinesa /
Mención de responsabilidad, etc. Gerard Arlandes
264 #0 - PRODUCCIÓN, PUBLICACIÓN, DISTRIBUCIÓN, FABRICACIÓN Y COPYRIGHT
Producción, publicación, distribución, fabricación y copyright Barcelona :
Fecha de producción, publicación, distribución, fabricación o copyright [2007]
264 #4 - PRODUCCIÓN, PUBLICACIÓN, DISTRIBUCIÓN, FABRICACIÓN Y COPYRIGHT
Producción, publicación, distribución, fabricación y copyright ©1990
300 ## - DESCRIPCIÓN FÍSICA
Extensión 11 fulls ;
Dimensiones 30 cm
336 ## - TIPO DE CONTENIDO
Término de tipo de contenido text
Código de tipo de contenido txt
Fuente rdacontent
337 ## - TIPO DE MEDIO
Nombre/término del tipo de medio sense mediació
Código del tipo de medio n
Fuente rdamedia
338 ## - TIPO DE SOPORTE
Nombre/término del tipo de soporte volum
Código del tipo de soporte nc
Fuente rdacarrier
340 ## - MEDIO FÍSICO
Base y configuración del material Imprès d'ordinador relligat amb correccions a llapis
500 ## - NOTA GENERAL
Nota general Inclou petita biografia i currículum de l'autor
500 ## - NOTA GENERAL
Nota general Imprès amb correccions ortogràfiques per a una possible edició de l'Associació de Professionals de Dansa de Catalunya (APDC), amb segell de l'associació a la coberta i all primer full i que també té l'anagrama de Gerard Arlandes. El full 7 acaba amb les dades de copyright manuscrites: ©Arlandes-Karsch, 1990
650 #7 - PUNTO DE ACCESO ADICIONAL DE MATERIA--TÉRMINO DE MATERIA
Término de materia o nombre geográfico como elemento de entrada Gimnàstica
Subdivisión geográfica Xina
Fuente del encabezamiento o término lemac
9 (RLIN) 169488
700 1# - ENTRADA AGREGADA--NOMBRE PERSONAL
Nombre de persona Karsch, Sybille
Término indicativo de función/relación autor
9 (RLIN) 96866
908 ## - COLOCAR PARÁMETRO DE COMANDO (RLIN)
Colocar parámetro de comando CDMAE
940 ## - EQUIVALENCIA O REFERENCIA-CRUZADA--TÍTULO UNIFORME [OBSOLETO] [solamente CAN/MARC]
Título uniforme <a href="CDMAE">CDMAE</a>
942 ## - ELEMENTOS DE ENTRADA AGREGADA (KOHA)
Fuente del sistema de clasificación o colocación Clasificación decimal universal
Tipo de ítem Koha Inèdit
Holdings
Estado de retiro Estado de pérdida Fuente del sistema de clasificación o colocación Estado dañado No para préstamo Localización permanente Ubicación/localización actual Ubicación en estantería Fecha de adquisición Fuente de adquisición Total de préstamos Signatura topográfica completa Código de barras Fecha visto por última vez Precio válido a partir de Tipo de ítem Koha
    Clasificación decimal universal     Biblioteca Barcelona Biblioteca Barcelona BCN Magatzem Dossiers 12/05/2026 Donatiu   D 10-09 d1090 12/05/2026 12/05/2026 Inèdit

Powered by Koha